Kapitálový trh v SR zatiaľ neplní svoju alokačnú funkciu v plnom rozsahu

Funkcia kapitálového trhu. Emisie na primárnom trhu. Sekundárny trh - obchody na Burze cenných papierov v Bratislave. Reálne investície. Postavenie kapitálového trhu na Slovensku.

Enregistré dans:
Détails bibliographiques
Auteur principal: Baláž, Vladimír
Format: Chapitre de livre
Langue:slovaque
Sujets:
Tags: Ajouter un tag
Pas de tags, Soyez le premier à ajouter un tag!

MARC

LEADER 00000naa a2200000 4500
001 r019518
005 20221205102958.8
041 0 |a slo 
044 |a SK 
245 1 0 |a Kapitálový trh v SR zatiaľ neplní svoju alokačnú funkciu v plnom rozsahu  |c Vladimír Baláž 
520 |a Funkcia kapitálového trhu. Emisie na primárnom trhu. Sekundárny trh - obchody na Burze cenných papierov v Bratislave. Reálne investície. Postavenie kapitálového trhu na Slovensku. 
610 2 0 |a trh kapitálový 
610 2 0 |a BCP Bratislava 
610 2 0 |a investície 
610 2 0 |a Slovensko 
610 2 0 |a burzy 
610 2 0 |a emisia 
100 1 |a Baláž, Vladimír